Грубий зошит. Доказ. Третя брехня (Запис № 570103)

МАРК-запис
000 -Лідер
fixed length control field 02591 a2200265 4500
003 - Ідентифікатор контрольного номера
control field UA-OsUOA
005 - Дата та час останнього входження (трансакції)
control field 20210129122720.0
008 - Елементи даних фіксованої довжини – загальна інформація
fixed length control field 210129b un ||||| |||| 00| 0 ukr d
020 ## - Міжнародний стандартний книжковий номер (ISBN)
Міжнародний стандартний книжковий номер (ISBN) (НП) 9789660350830
040 ## - Джерело каталогізації
Агенція оригінальної каталогізації UA-OsUOA
Мова каталогізації ukr
Агенція, яка здійснювала перезапис UA-OsUOA
Агенція, яка здійснювала модифікацію UA-OsUOA
041 ## - Код мови
Код мови тексту/ звукової доріжки чи окремого заголовка (П) ukr
080 ## - Індекс Універсальної десяткової класифікації
Індекс Універсальної десяткової класифікації (УДК) (НП) 821.161.2(494)
090 ## - Локальний шифр розміщення
Класифікаційний індекс УДК 821.161.2(494)
Авторський знак (НП) К82
100 ## - Основне введення – ім’я особи
Ім’я особи (НП) Крістоф А.
245 ## - Відомості про назву
Назва (НП) Грубий зошит. Доказ. Третя брехня
Решта назви (НП) трилогія
Дані про відповідальність (НП) Агота Крістоф ; пер. з франц. Ірини Серебрякової
260 ## - Публікація, розповсюдження і т.п. (Вихідні дані)
Ім’я/ наймення видавництва, розповсюджувача і т.п. (П) Фоліо
Дата публікації, розповсюдження і т.п. (П) 2013
Місце публікації, розповсюдження і т.п. (П) Харків
300 ## - Фізичний опис
Обсяг 383 с.
490 ## - Область серії
Назва серії Карта світу
520 ## - Резюме і т.п.
Резюме, реферат, анотація, тощо (НП) Агота Крістоф (1935—2011) — відома швейцарська письменниця угорського походження, яка писала свої твори французькою. Дитинство письменниці припало на часи Другої світової війни; у 1956 році вона залишає рідну Угорщину й оселяється у Швейцарії. Ці дві події — війна та еміграція — стали центральними темами її творчості. Романи «Грубий зошит» (1986), «Доказ» (1987) і «Третя брехня» (1991) утворюють трилогію, яку було перекладено понад тридцятьма мовами світу. Містка і лаконічна оповідь розгортається навколо історії довжиною в життя — одне життя на двох, адже перед нами незвичайні герої: брати-близнята, розвіяні виром війни. Це історія про те, що сімейні таємниці інколи краще не розгадувати. Про те, що найстрашнішим ворогом може стати рідний брат. Про те, що найсильнішого болю завдають найближчі люди. Про письменство, божевілля і тонку межу, яка їх розділяє...<br/><br/>
650 ## - Додаткове предметне введення – тематичний термін
Джерело заголовка чи терміна UDC
Тематичний термін чи географічна назва, як елемент введення (НП) 821 Художня література окремими мовами і мовними сім'ями
700 1# - Додаткове введення – ім'я особи
Ім’я особи (НП) Серебрякова І.
Термін відношення пер. з франц.
942 ## - Додаткові елементи входу (Коха)
Тип елемента Koha Книги
Source of classification or shelving scheme Universal Decimal Classification
955 ## - Код типу видання за змістом
Код типу видання за змістом (НП) Літературно-художні видання
Фонди
Стан вилучень Стан втрат Джерело класифікації або схеми стелажів Стан уражень Не для кредиту Постійне місце розташування Поточне розміщення Дата придбання Джерело придбання Вартість, звичайна ціна покупки Усього замовленно Повний номер виклику Штрих-код Дата останнього перегляду Вартість, ціна заміни Ціна ефективна від Тип елемента Koha
    Universal Decimal Classification     АБ - Абонемент НБ АБ - Абонемент НБ 29/01/2021 №2/29.01.2021 65.00   821.161.2(494) К82 163237 18/04/2022 65.00 29/01/2021 Книги